00695nam a22002297a 450000500170000001000150001702000260003202000230005803500130008103500170009403700130011103700250012408200160014910000140016524500930017925000160027226000510028827000560033930000330039550000190042870000180044720130711130107.0 aENG-104949 a9788185044774c355.00 a8185044775c355.00 aEN-88482 aB-490997-006 bDBAD/PUB bOcean Books/Venadpl a338.5024658 aRaj Kumar aManagerial economics :cby Raj Kumar [and] Kuldip Guptabanalysis, policies and cases / a7th rev. ed aNew DelhibUDH Publishers & Distributorsc2012 a4762-63, Ansari Road, Darya GanjbNew Delhie110002 axix,384p. :bill.c24cm(pbk) aIncludes index aGupta, Kuldip